banner koha

Alteracoes reprodutivas e prevalencia de anticorpos inibidores da hemoaglutinacao para o parvovirus suino no estado de Minas Gerais [Brasil] (Registro n. 115928)

MARC details
000 -LÍDER
campo de controle de tamanho fixo 01029nas a2200289 4500
001 - NÚMERO DE CONTROLE
campo de controle BR8500198
003 - IDENTIFICADOR DO NÚMERO DE CONTROLE
campo de controle BR-BrBNA
005 - DATA E HORÁRIO DA ÚLTIMA TRANSAÇÃO
campo de controle 20231205090051.0
007 - CAMPO FIXO DE DESCRIÇÃO FÍSICA--INFORMAÇÃO GERAL
campo de controle de tamanho fixo ta
008 - CAMPO DE DADOS FIXOS--INFORMAÇÃO GERAL
campo de controle de tamanho fixo 230509b bl.|||p| |||| 00| 00por d
040 ## - FONTE DA CATALOGAÇÃO
Instituição da catalogação original BR-BrBNA
Idioma da catalogação por
Instituição que transcreveu o registro Biblioteca Nacional de Agricultura
041 ## - CÓDIGO DE IDIOMA
Código do idioma do texto/trilha sonora ou título diferente (Pt)
072 ## - CÓDIGO DE CATEGORIA DE ASSUNTO
Código de Categoria de Assunto L73; L10
100 1# - ENTRADA PRINCIPAL--NOME PESSOAL
Nome pessoal Gouveia, A.M.G.
100 1# - ENTRADA PRINCIPAL--NOME PESSOAL
Nome pessoal Gomez, M.C.
100 1# - ENTRADA PRINCIPAL--NOME PESSOAL
Nome pessoal Reis, R.
245 1# - TÍTULO
Título Alteracoes reprodutivas e prevalencia de anticorpos inibidores da hemoaglutinacao para o parvovirus suino no estado de Minas Gerais [Brasil]
246 1# - FORMA VARIANTE DO TÍTULO
Título/título abreviado Reproductive changes and prevalence of hemagglutination inhibiting antibodies to porcine parvovirus in Minas Gerais state [Brazil]
650 ## - ASSUNTO--TERMO TÓPICO
Cabeçalho tópico ou nome geográfico SUÍNO
650 ## - ASSUNTO--TERMO TÓPICO
Cabeçalho tópico ou nome geográfico VIRUS
650 ## - ASSUNTO--TERMO TÓPICO
Cabeçalho tópico ou nome geográfico ANTICORPO
650 ## - ASSUNTO--TERMO TÓPICO
Cabeçalho tópico ou nome geográfico INIBIDOR DA HEMOAGLUTINACAO
650 ## - ASSUNTO--TERMO TÓPICO
Cabeçalho tópico ou nome geográfico MINAS GERAIS
773 0# - ENTRADA ANALÍTICA
Título Pesquisa Veterinaria Brasileira (Brazil)
ISSN - International Standard Serial Number ISSN 0100-736X
Partes relacionadas (Jan 1984), v. 4(1) p. 17-22
Número de controle do registro BR8500198
909 ## -
-- 202311
-- Lúcia
-- 55
-- Lúcia Elande
942 ## - ELEMENTOS DE ENTRADA ADICIONADOS (KOHA)
Fonte da classificação ou esquema de arquivamento na estante Classificação AGRIS
Ocultar no OPAC Não
Tipo de material Koha Analítica
Exemplares
Situação do descarte Fonte da classificação ou esquema de arquivamento na estante Situação física Não pode ser emprestado Biblioteca de origem Biblioteca atual Localização na estante Enumeração do periódico / cronologia Total de empréstimos Data de último acesso Número do exemplar Tipo de material Koha Fonte de aquisição
  Classificação AGRIS   Consulta local Biblioteca Nacional de Agricultura - Binagri Biblioteca Nacional de Agricultura - Binagri   (Jan 1984), v. 4(1) p. 17-22   29/11/2023 01 Periódicos Portaria Interministerial nº 164/94

BINAGRI

Telefone: (61)3218-2567/2388/3357/2097 - binagri@agro.gov.br

Ministério da Agricultura e Pecuária , Esplanada dos Ministérios, Bloco D, Anexo B, Brasília/DF, CEP: 70.043-900